000
00234 a2200109 4500
020
_a
9780545458139
041
_a
spa
100
_a
Barbara Park
245
_a
Junie B.Jones es la capitana del dia de juegos
942
_c
BK
952
_7
1
999
_c
21751
_d
21751